000 00730nam a22002417a 4500
003 DO-SdBNP
005 20171208135437.0
008 171027b 1992||||| |||| 00| 0 spa d
020 _a9788423919239
040 _aBPMSU
_bspa
_cBPMSU
100 1 _aMihura, Miguel
245 1 _aMaribel y la extraña familia /
_cMiguel Mihura ; introducción Emilio de Miguel Martínez
250 _a13a ed.
260 _aMadrid :
_bEspasa-Calpe ;
_c1992.
300 _a173 p. ;
_c18 cm.
490 1 _aAustral
_v123
504 _aBibliografías : p. 57-58
700 1 _aMartínez, Emilio de Miguel,
_3intr.
830 0 _aAstral
_n123
942 _2ddc
_cBK
945 _aInventariado extranjero / 2017 YL
956 _aBTAVAREZ
_b10
_c20172710
_d10
999 _c12704
_d12704